000
00241nam a22001097a 4500
003
OSt
008
231115b |||||||| |||| 00| 0 eng d
041
_a
mal
100
_a
Karunakaran, Kambissery
_9
5639
245
_a
Andyadarsanam /
942
_c
BK
999
_c
17866
_d
17866